Environmentálna regionalizácia a jej vplyv na rozvoj v podniku diplomová práca

Gespeichert in:
Bibliographische Detailangaben
1. Verfasser: Kubáňová, Lenka
Körperschaft: Fakulta podnikového manažmentu EU. Katedra manažmentu výroby a logistiky - zrušená
Weitere Verfasser: Boorová, Brigita, 1979-
Format: Buch
Sprache:Slowakisch
Veröffentlicht: Bratislava 2020
Tags: Tag hinzufügen
Keine Tags, Fügen Sie das erste Tag hinzu!

MARC

LEADER 00000nbm a2200000 4500
001 0266095
005 20201123091214.8
041 0 |a slo 
044 |a SK 
245 1 0 |a Environmentálna regionalizácia a jej vplyv na rozvoj v podniku  |b diplomová práca  |c Lenka Kubáňová ; školiteľ: Brigita Boorová 
264 1 |a Bratislava  |c 2020 
300 |a 66 s. 
100 1 |a Kubáňová, Lenka 
700 1 |a Boorová, Brigita, 1979- 
710 2 |a Fakulta podnikového manažmentu EU. Katedra manažmentu výroby a logistiky - zrušená